Palestine and the United Nations /

Bibliographic Details
Main Author: Nuseibeh, Hazem Zaki
Format: Book
Language:English
Published: New York : Quartet Books, 1981,
Subjects:

MARC

Tag First Indicator Second Indicator Subfields
LEADER 00000cam a22000008a 4500
001 in00000085097
005 20151008055742.0
008 811130s1981 nyub b 00010 eng
010 |a  81021143  
020 |a 0704322897 
035 |a (OCoLC)08034371 
035 |9 AAJ4288AM 
039 0 |a 2  |b 3  |c 3  |d 3  |e 3 
040 |a DLC  |c DLC  |d TXA  |d UtOrBLW 
043 |a a-is---  |a ma----- 
049 |a TXAM  |c [951978] 
050 0 0 |a DS119.7  |b .N79 
082 0 |a 956/.04  |2 19 
090 |a DS119.7  |b .N79 1982 
100 1 |a Nuseibeh, Hazem Zaki. 
245 1 0 |a Palestine and the United Nations /  |c Hazem Zaki Nuseibeh. 
263 |a 8201 
264 1 |a New York :  |b Quartet Books,  |c 1981, 
264 3 |c 1982 printing 
300 |a 200 pages :  |b maps ;  |c 24 cm. 
336 |a text  |b txt  |2 rdacontent 
337 |a unmediated  |b n  |2 rdamedia 
338 |a volume  |b nc  |2 rdacarrier 
504 |a Includes bibliographical references. 
610 2 0 |a United Nations  |z Palestine. 
650 0 |a Arab-Israeli conflict. 
999 |a MARS 
999 f f |s b6de3625-be1e-3de7-8441-4c893f003c23  |i 45837185-ab60-3c4c-a3ef-c5354e4682f6  |t 0 
952 f f |p ric  |a Texas A&M University  |b Rellis Campus  |c Joint Library Facility  |d Remote Storage  |t 0  |e DS119.7 .N79 1982  |h Library of Congress classification  |i unmediated -- volume  |m A14806100685 
998 f f |a DS119.7 .N79 1982  |t 0  |l Remote Storage